00533nam a22001697a 450000500170000001000130001702000100003003500130004003700140005308200080006710000270007524500700010224600520017226000490022427000700027330000200034320200212104706.0 aA-435664 c75.00 aA-435664 bBPPD/Pub. a921 aہرچرن چاولہ  aالبم:bافسانے زندگی کے /cہرچرن چاولہ  aAlbum: Afsane Zindagi Ke /bby Harcharan Chawla aDelhibEducational Publishing Housec1990 ء a3108, Gali Azizuddin, Vakil Kucha Pandit, Lal KuanbDelhie110006 a334p.c22cm(Hb)